उत्तराँचल में पर्यटन : (Record no. 118199)

MARC details
000 -LEADER
fixed length control field 01248nam a22002537a 4500
005 - DATE AND TIME OF LATEST TRANSACTION
control field 20170124103108.0
010 ## - LIBRARY OF CONGRESS CONTROL NUMBER
LC control number B-090518
020 ## - INTERNATIONAL STANDARD BOOK NUMBER
Terms of availability 300.00
International Standard Book Number 8179650367
035 ## - SYSTEM CONTROL NUMBER
System control number B-090518
037 ## - SOURCE OF ACQUISITION
Source of stock number/acquisition Cen Lib/Ret
040 ## - CATALOGING SOURCE
Original cataloging agency DPL
Language of cataloging HN
082 ## - DEWEY DECIMAL CLASSIFICATION NUMBER
Classification number 915.413
Item number हरिमो
100 ## - MAIN ENTRY--PERSONAL NAME
Personal name हरिमोहन
9 (RLIN) 78802
245 ## - TITLE STATEMENT
Title उत्तराँचल में पर्यटन :
Statement of responsibility, etc हरिमोहन
Remainder of title नएं क्षितिज /
246 ## - VARYING FORM OF TITLE
Title proper/short title Uttranchal mein paryaton : naye kshitiz /
Remainder of title by Harimohan
260 ## - PUBLICATION, DISTRIBUTION, ETC. (IMPRINT)
Place of publication, distribution, etc नयी दिल्ली
Name of publisher, distributor, etc तक्षशिला प्रकाशन
Date of publication, distribution, etc 2003
270 ## - ADDRESS
City नयी दिल्ली
Address 23/4761, अंसारी रोड, दरियागंज
Postal code 110002
300 ## - PHYSICAL DESCRIPTION
Extent 336पृ. :
Dimensions 21सेमी (सजिल्द)
Other physical details सचित्र
650 ## - SUBJECT ADDED ENTRY--TOPICAL TERM
Topical term or geographic name as entry element पर्यटन स्थल--उत्तराँचल--भारत
9 (RLIN) 78803
650 ## - SUBJECT ADDED ENTRY--TOPICAL TERM
Topical term or geographic name as entry element भारतीय ऐतिहासिक स्थल--प्राकृतिक सौन्दर्य
9 (RLIN) 78804
650 ## - SUBJECT ADDED ENTRY--TOPICAL TERM
Topical term or geographic name as entry element Tourism--Uttaranchal --India
9 (RLIN) 78805
650 ## - SUBJECT ADDED ENTRY--TOPICAL TERM
Topical term or geographic name as entry element Indian historical places--Nature of beauty
9 (RLIN) 78806
942 ## - ADDED ENTRY ELEMENTS (KOHA)
Source of classification or shelving scheme Dewey Decimal Classification
Koha item type Hindi Books
Classification part 915.413
Call number suffix हरिमो
Holdings
Withdrawn status Lost status Damaged status Not for loan Home library Current library Date acquired Source of acquisition Cost, normal purchase price Total Checkouts Full call number Barcode Date last seen Date checked out Copy number Cost, replacement price Price effective from Koha item type
        Central Library Central Library 10/09/2015 Cen Lib/Ret 300.00 2 915.413 हरिमो B-090518 12/02/2020 29/01/2020 1 300.00 10/09/2015 Hindi Books

© Delhi Public Library
Hit Counter
free hit counter